[Event "AUTO-ELITE-220"]
[Site "http://www.queenalice.com/game.php?id=469371"]
[Date "2008.9.27"]
[Round "1"]
[White "GMcruz"]
[Black "MONALISA"]
[Result "0-1"]
[WhiteElo "2066"]
[BlackElo "2286"]

1. d4 Nf6 2. c4 c5 3. d5 g6 4. Nc3 Bg7 5. e4 O-O 6. f4 d6 7. Nf3 e6 8. dxe6 Bxe6
9. Be2 Nc6 10. Be3 Qa5 11. O-O Ng4 12. Bd2 Qd8 13. h3 Nf6 14. Be3 Qe7 15. Qd2
Rfe8 16. Ng5 Bd7 17. Bd3 h6 18. Nf3 Nxe4 19. Bxe4 Bxc3 20. Qxc3 Qxe4 21. Rfe1 d5
22. Bxc5 Qxc4 23. Qxc4 dxc4 24. Kf2 Rad8 25. Rxe8+ Rxe8 26. Re1 Rxe1 27. Nxe1 f6
28. Nc2 b6 29. Be3 Kf7 30. Nd4 Nb4 31. b3 c3 32. a3 Nd5 33. Ke2 Bc8 34. Bc1 Ba6+
35. Kd1 Bf1 36. g3 Bxh3 37. Kc2 h5 38. Kd3 Bf1+ 39. Kc2 Ke8 40. a4 Kd7 41. Ba3
a5 42. Bf8 Bg2 43. Kd3 g5 44. fxg5 fxg5 45. Ne2 Bf1 46. Bh6 h4 0-1

[Event "AUTO-ELITE-220"]
[Site "http://www.queenalice.com/game.php?id=469372"]
[Date "2008.9.27"]
[Round "1"]
[White "MONALISA"]
[Black "GMcruz"]
[Result "1-0"]
[WhiteElo "2295"]
[BlackElo "2066"]

1. Nf3 Nf6 2. c4 c5 3. Nc3 Nc6 4. d4 cxd4 5. Nxd4 d6 6. Nxc6 bxc6 7. g3 d5 8.
cxd5 cxd5 9. Bg2 e6 10. O-O Be7 11. e4 Bb7 12. Qb3 Qb6 13. exd5 Qxb3 14. axb3
Nxd5 15. Nxd5 Bxd5 16. Bxd5 exd5 17. Rd1 O-O 18. Rxd5 Rfb8 19. Rda5 Rxb3 20.
Rxa7 Rxa7 21. Rxa7 Bf8 22. Kf1 g6 23. Ra8 Kg7 24. Be3 Be7 25. Bd4+ Bf6 26. Ra3
Rb7 27. Bc3 Rb6 28. h4 h6 29. Ke2 g5 30. h5 Rc6 31. Kd3 Kf8 32. Bb4+ Kg7 33. b3
Rc1 34. Ra8 Kh7 35. Ra7 Kg7 36. Ke4 Rb1 37. Rb7 Kg8 38. Bc5 Rb2 39. b4 Bc3 40.
b5 Be1 41. Rb8+ 1-0

[Event "AUTO-ELITE-221"]
[Site "http://www.queenalice.com/game.php?id=469959"]
[Date "2008.9.28"]
[Round "1"]
[White "MONALISA"]
[Black "Chuzete"]
[Result "1-0"]
[WhiteElo "2305"]
[BlackElo "2252"]

1. d4 d5 2. c4 c6 3. Nf3 Nf6 4. e3 Bg4 5. h3 Bxf3 6. Qxf3 e6 7. Bd3 Nbd7 8. O-O
Bd6 9. Bd2 O-O 10. Nc3 Re8 11. c5 Bc7 12. b4 e5 13. Qd1 e4 14. Bc2 Qe7 15. b5
Rad8 16. f3 exf3 17. Qxf3 Nf8 18. Rab1 Bb8 19. bxc6 bxc6 20. Ba4 1-0

[Event "AUTO-ELITE-221"]
[Site "http://www.queenalice.com/game.php?id=469960"]
[Date "2008.9.28"]
[Round "1"]
[White "Chuzete"]
[Black "MONALISA"]
[Result "0-1"]
[WhiteElo "2251"]
[BlackElo "2308"]

1. d4 Nf6 2. Bg5 Ne4 3. Bf4 d5 4. e3 Nc6 5. Bd3 g5 6. Bg3 h5 7. Bxe4 dxe4 8. h4
Bg4 9. Ne2 gxh4 10. Bxh4 Qd6 11. Nd2 O-O-O 12. c3 Qg6 13. Nf4 Qh7 14. Qc2 Bf5
15. b4 Kb8 16. b5 Na5 17. Qa4 b6 0-1

[Event "AUTO-ELITE-221"]
[Site "http://www.queenalice.com/game.php?id=469961"]
[Date "2008.9.28"]
[Round "1"]
[White "MONALISA"]
[Black "beckhamf2000"]
[Result "1-0"]
[WhiteElo "2312"]
[BlackElo "2149"]

1. c4 e6 2. Nc3 Nf6 3. d4 Bb4 4. e3 c5 5. Bd3 Nc6 6. Ne2 cxd4 7. exd4 d5 8. O-O
dxc4 9. Bxc4 O-O 10. Bf4 Nh5 11. Be3 Qh4 12. a3 Bd6 13. g3 Qd8 14. Ne4 Nf6 15.
Nxd6 Qxd6 16. Bf4 Qe7 17. Qd3 1-0

[Event "AUTO-ELITE-221"]
[Site "http://www.queenalice.com/game.php?id=469962"]
[Date "2008.9.28"]
[Round "1"]
[White "beckhamf2000"]
[Black "MONALISA"]
[Result "0-1"]
[WhiteElo "2149"]
[BlackElo "2302"]

1. e4 c5 2. Nf3 d6 3. d4 Nf6 4. Nc3 cxd4 5. Nxd4 a6 6. Be3 g6 7. f3 Bg7 8. Qd2
Nbd7 9. Bc4 Qc7 10. Bb3 O-O 11. Bh6 Qc5 12. Bxg7 Kxg7 13. h4 e5 14. Nde2 b5 15.
h5 Nxh5 16. O-O-O Kg8 0-1

[Event "AUTO-MASTER-592"]
[Site "http://www.queenalice.com/game.php?id=484739"]
[Date "2008.10.29"]
[Round "2"]
[White "vagner_pirai"]
[Black "MONALISA"]
[Result "0-1"]
[WhiteElo "2066"]
[BlackElo "2327"]

1. e4 c5 2. Nf3 Nc6 3. d4 cxd4 4. Nxd4 Nf6 5. Nc3 e5 6. Ndb5 d6 7. Nd5 Nxd5 8.
exd5 Ne7 9. c4 Ng6 10. Bd3 Be7 11. Be3 f5 12. Qa4 O-O 13. f3 Nf4 14. Bxf4 exf4
15. O-O-O Bd7 16. Qb3 Qb6 17. Rhe1 Bh4 18. Re2 Rae8 19. Rxe8 Rxe8 20. Qa3 Bxb5
21. cxb5 g6 22. Qb4 Qe3+ 23. Kc2 Rc8+ 24. Kb3 Rc5 25. Qd2 Rxb5+ 26. Ka4 Rxd5 27.
Bc4 b5+ 28. Kb4 Qc5+ 0-1

[Event "AUTO-MASTER-592"]
[Site "http://www.queenalice.com/game.php?id=484740"]
[Date "2008.10.29"]
[Round "2"]
[White "MONALISA"]
[Black "vagner_pirai"]
[Result "1-0"]
[WhiteElo "2323"]
[BlackElo "2051"]

1. Nf3 c6 2. c4 d5 3. cxd5 cxd5 4. Nc3 Bf5 5. Qb3 e6 6. g4 Bxg4 7. Qa4+ Nc6 8.
Qxg4 Nf6 9. Qf4 e5 10. Nxe5 Bd6 11. Nxc6 bxc6 12. Qe3+ Be7 13. d4 O-O 14. Bg2
Re8 15. Qd3 Qa5 16. Bf4 Bb4 17. O-O Bxc3 18. bxc3 Ne4 19. Rab1 Nxc3 20. Bd2
Nxe2+ 21. Qxe2 Rxe2 22. Bxa5 Rxa2 23. Bb4 Ra4 24. Bc5 1-0

[Event "AUTO-MASTER-592"]
[Site "http://www.queenalice.com/game.php?id=484743"]
[Date "2008.10.29"]
[Round "2"]
[White "MONALISA"]
[Black "arauca"]
[Result "1-0"]
[WhiteElo "2331"]
[BlackElo "2178"]

1. c4 Nf6 2. Nc3 e5 3. g3 Nc6 4. Nf3 Bb4 5. a3 Bxc3 6. dxc3 O-O 7. Bg2 d6 8. O-O
h6 9. Qa4 a6 10. Be3 Be6 11. Rfd1 Qe7 12. Nd2 Ng4 13. Bxc6 bxc6 14. Qxc6 f5 15.
c5 d5 16. Nf3 Rad8 17. Qxa6 f4 18. gxf4 Nxe3 19. fxe3 exf4 20. exf4 Rxf4 21. Kh1
Bf5 22. Rg1 Be4 23. Rg3 Kh7 24. Qb5 g5 25. Kg1 Bxf3 26. exf3 Qe3+ 27. Kg2 Qd2+
28. Kh1 Qe3 29. Qc6 Rdf8 30. Qxd5 Qe2 31. Rag1 Rxf3 32. Rxg5 R8f7 33. Rg6 R3f5
34. Qxf5 1-0

[Event "AUTO-MASTER-592"]
[Site "http://www.queenalice.com/game.php?id=484744"]
[Date "2008.10.29"]
[Round "2"]
[White "arauca"]
[Black "MONALISA"]
[Result "0-1"]
[WhiteElo "2168"]
[BlackElo "2315"]

1. e4 c5 2. Nf3 Nc6 3. d4 cxd4 4. Nxd4 Nf6 5. Nc3 e5 6. Ndb5 d6 7. Nd5 Nxd5 8.
exd5 Ne7 9. c3 Ng6 10. Qa4 Bd7 11. Qb4 Bf5 12. Qc4 Ke7 13. a4 a6 14. Na3 f6 15.
Qb4 Qc7 16. Be3 Kf7 17. Be2 a5 18. Qb6 Qxb6 19. Bxb6 Nf4 20. g3 Nxd5 21. Bc4 Be6
22. Nb5 Nxb6 0-1